Մանրէք եւ անոնց շահատակութիւններն / (Record no. 486216)
[ view plain ]
| 000 -LEADER | |
|---|---|
| fixed length control field | 00723nam a2200205 a 4500 |
| 001 - CONTROL NUMBER | |
| control field | 000564485 |
| 003 - CONTROL NUMBER IDENTIFIER | |
| control field | AM-YeHGA |
| 005 - DATE AND TIME OF LATEST TRANSACTION | |
| control field | 20250618075705.0 |
| 008 - FIXED-LENGTH DATA ELEMENTS--GENERAL INFORMATION | |
| fixed length control field | 080123|1907 ai | |||||||||||||arm|d |
| 040 ## - CATALOGING SOURCE | |
| Original cataloging agency | AM-YeHGA |
| 041 0# - LANGUAGE CODE | |
| Language code of text/sound track or separate title | arm |
| 090 ## - LOCALLY ASSIGNED LC-TYPE CALL NUMBER (OCLC); LOCAL CALL NUMBER (RLIN) | |
| -- | 489585 |
| 100 1# - MAIN ENTRY--PERSONAL NAME | |
| Personal name | Տաղավարյան, Նազարեթ Նահապետի, |
| Dates associated with a name | 1862-1915 |
| 9 (RLIN) | 806 |
| 245 10 - TITLE STATEMENT | |
| Title | Մանրէք եւ անոնց շահատակութիւններն / |
| Statement of responsibility, etc. | Ն. Տաղաւարեան. |
| 250 ## - EDITION STATEMENT | |
| Edition statement | Գ. հրատ. |
| 260 ## - PUBLICATION, DISTRIBUTION, ETC. | |
| Place of publication, distribution, etc. | Գահիրէ : |
| Name of publisher, distributor, etc. | տպ. Արարատ, |
| Date of publication, distribution, etc. | 1907. |
| 300 ## - PHYSICAL DESCRIPTION | |
| Extent | 27 էջ ; |
| Dimensions | 20 սմ. |
| 440 #0 - SERIES STATEMENT/ADDED ENTRY--TITLE | |
| Title | Լսարան-ընթերցատան Գահիրէի |
| 650 14 - SUBJECT ADDED ENTRY--TOPICAL TERM | |
| Topical term or geographic name entry element | Շնչառական օրգանների հիվանդություններ |
| Withdrawn status | Lost status | Source of classification or shelving scheme | Damaged status | Not for loan | Collection | Home library | Current library | Date acquired | Total checkouts | Full call number | Barcode | Date last seen | Price effective from | Koha item type | Public note |
|---|---|---|---|---|---|---|---|---|---|---|---|---|---|---|---|
| Universal Decimal Classification | Alpoiajian Individual Collection | Fundamental Scientific Library | Fundamental Scientific Library | 05/02/2019 | Ալպ/427 | FL0541544 | 05/02/2019 | 05/02/2019 | Գրքեր / Books | ILL Non-Circ |
ՀՀ Գիտությունների ազգային ակադեմիայի հիմնարար գիտական գրադարան = Fundamental Scientific Library of NAS RA
All site content, except where otherwise noted, is licensed under a